Statistics for All Universal Illumination Films

Click here to take the quiz!

General Stats

  • This quiz has been taken 102 times
    (14 since last reset)
  • The average score is 12 of 20

Answer Stats

YearMovie% Correct
2010Despicable Me
92%
2013Despicable Me 2
92%
2018Dr. Seuss' The Grinch
92%
2015Minions
92%
2017Despicable Me 3
85%
2024Despicable Me 4
85%
2012Dr. Seuss' The Lorax
85%
2022Minions: The Rise of Gru
85%
2016The Secret Life Of Pets
62%
2019The Secret Life Of Pets 2
62%
2023The Super Mario Bros. Movie
62%
2011Hop
54%
2016Sing
54%
TBDThe Secret Life of Pets 3
54%
2023Migration
46%
2021Sing 2
46%
TBDSing 3
46%
2026Untitled The Super Mario Bros. Movie sequel
15%
TBDBig Tree
8%
TBDUntitled Pharell Williams Film
0%

Score Distribution

Percentile by Number Answered

Percent of People with Each Score

Your Score History

You have not taken this quiz since the last reset